[Event "World Cup U14 Girls Prel"]
[Site "Tornelo INT"]
[Date "2021.08.11"]
[Round "3"]
[White "Omeri, Eklea"]
[Black "Collins, Ruthann"]
[Result "1-0"]
[WhiteElo "1201"]
[BlackElo "1299"]
[PlyCount "101"]
[EventDate "2021.08.11"]
[EventType "swiss (rapid)"]
[EventRounds "10"]
[EventCountry "NET"]
[SourceTitle "EXT 2025"]
[Source "ChessBase"]
[SourceDate "2024.10.14"]
[SourceVersion "1"]
[SourceVersionDate "2024.10.14"]
[SourceQuality "1"]

1. d4 d5 2. c4 c6 3. Nc3 Nf6 4. Nf3 Bf5 5. Bf4 e6 6. e3 Bd6 7. Bxd6 Qxd6 8. cxd5 exd5 9. Bd3 Bg6 10. Ne5 Qe6 11. Bxg6 hxg6 12. Qb3 b6 13. Rc1 Ne4 14. Nxe4 dxe4 15. Qxe6+ fxe6 16. Nxc6 Nxc6 17. Rxc6 Kd7 18. Rc1 Rac8 19. 0-0 Rh6 20. Rxc8 Kxc8 21. Rc1+ Kd7 22. h3 Kd6 23. Kf1 g5 24. Ke2 b5 25. Rc5 a6 26. Rxg5 Rh7 27. Re5 b4 28. Ra5 Kc6 29. Rxa6+ Kb5 30. Rxe6 Rh4 31. Rg6 Rh7 32. Rg4 Rh8 33. Rxe4 Rc8 34. Kd2 Kc4 35. Re5 b3 36. axb3+ Kxb3 37. Rb5+ Kc4 38. Rc5+ Rxc5 39. dxc5 Kxc5 40. Kc3 Kb5 41. b4 Kb6 42. Kc4 Kc6 43. e4 Kd6 44. b5 Kc7 45. Kc5 Kb7 46. e5 Kc7 47. b6+ Kb7 48. e6 Kc8 49. Kc6 g5 50. e7 g4 51. e8R# 1-0

[Event "World Cup U14 Girls Prel"]
[Site "Tornelo INT"]
[Date "2021.08.11"]
[Round "1"]
[White "Rajaram, Anika"]
[Black "Collins, Ruthann"]
[Result "1-0"]
[WhiteElo "1537"]
[BlackElo "1299"]
[PlyCount "35"]
[EventDate "2021.08.11"]
[EventType "swiss (rapid)"]
[EventRounds "10"]
[EventCountry "NET"]
[SourceTitle "EXT 2025"]
[Source "ChessBase"]
[SourceDate "2024.10.14"]
[SourceVersion "1"]
[SourceVersionDate "2024.10.14"]
[SourceQuality "1"]

1. d4 d5 2. c4 dxc4 3. e4 Nf6 4. Nc3 Nc6 5. Nf3 Bg4 6. d5 Ne5 7. Bf4 Nxf3+ 8. gxf3 Bd7 9. Bxc4 e6 10. Qb3 b6 11. dxe6 fxe6 12. Bxe6 Bxe6 13. Qxe6+ Qe7 14. Qc6+ Kf7 15. Qxa8 Nh5 16. Qd5+ Kg6 17. Rg1+ Kf6 18. Qf5# 1-0